[Event "2023 Fred Maris Cup (Division F)"]
[Site "Woodvale, Perth WA AUS"]
[Date "2023.06.14"]
[Round "1"]
[White "Ross, Leo"]
[Black "Jahn, Harold"]
[Result "1-0"]
[WhiteElo "1335"]
[BlackElo "1081"]
[PlyCount "101"]
[EventDate "2023.06.14"]
[EventType "swiss"]
[EventRounds "6"]
[EventCountry "AUS"]
[TimeControl "3000+30"]

1. e4 d5 2. d4 c6 3. f3 Nf6 4. e5 Nh5 5. g4 f6 6. gxh5 fxe5 7. dxe5 e6 8. Qd4
Nd7 9. Bh3 Bc5 10. Qg4 Rf8 11. Qxe6+ Be7 12. Bg5 Nc5 13. Qxe7+ Qxe7 14. Bxe7
Kxe7 15. Bxc8 Raxc8 16. Nd2 Rce8 17. O-O-O Rf5 18. Ne2 Rxe5 19. Ng3 Kd7 20. Nc4
R5e6 21. Nf5 Kc7 22. Nd2 Rg8 23. Rhg1 g6 24. h6 Rf6 25. Ng7 Ne6 26. Nxe6+ Rxe6
27. Rde1 Rf6 28. Re7+ Kb6 29. Rxh7 Re6 30. Kd1 Re5 31. Rg7 Rh8 32. R7xg6 Rh5
33. f4 R5xh6 34. Rxh6 Rxh6 35. f5 Rxh2 36. f6 Rf2 37. Rf1 Rh2 38. f7 Rh8 39.
f8=Q Rxf8 40. Rxf8 a5 41. Nb3 a4 42. Nd4 c5 43. Rf6+ Ka5 44. Ne6 c4 45. Nc5 b6
46. Nxa4 Kxa4 47. Rxb6 d4 48. Kd2 c3+ 49. bxc3 dxc3+ 50. Kxc3 Ka3 51. Ra6# 1-0

[Event "2023 Fred Maris Cup (Division F)"]
[Site "Woodvale, Perth WA AUS"]
[Date "2023.06.14"]
[Round "1"]
[White "Gough, Sebastian"]
[Black "Curtis, Calan"]
[Result "0-1"]
[WhiteElo "1072"]
[BlackElo "1300"]
[PlyCount "52"]
[EventDate "2023.06.14"]
[EventType "swiss"]
[EventRounds "6"]
[EventCountry "AUS"]
[TimeControl "3000+30"]

1. Nf3 e6 2. Nc3 d5 3. d4 c5 4. Bf4 a6 5. e4 Nf6 6. e5 Nfd7 7. dxc5 Bxc5 8. Bd3
Nc6 9. O-O O-O 10. Ng5 g6 11. Qg4 Qe7 12. Qh4 f6 13. exf6 Nxf6 14. Rfe1 Nd4 15.
a3 Qg7 16. Be5 Nf5 17. Bxf6 Rxf6 18. Bxf5 Rxf5 19. Nxe6 Bxe6 20. Rxe6 Bxf2+ 21.
Qxf2 Rxf2 22. Nxd5 Qf7 23. Ne7+ Kg7 24. Rae1 Rf8 25. Nc8 Qxe6 26. Rxe6 Rf1# 0-1

[Event "2023 Fred Maris Cup (Division F)"]
[Site "Woodvale, Perth WA AUS"]
[Date "2023.06.14"]
[Round "1"]
[White "Lanham, Bruce"]
[Black "Markou, Victor"]
[Result "1-0"]
[WhiteElo "1206"]
[BlackElo "1039"]
[PlyCount "97"]
[EventDate "2023.06.14"]
[EventType "swiss"]
[EventRounds "6"]
[EventCountry "AUS"]
[TimeControl "3000+30"]

1. d4 d5 2. Nf3 Nd7 3. g3 Ngf6 4. Bg2 g6 5. O-O Bg7 6. Nbd2 O-O 7. c4 e6 8. b3
c5 9. cxd5 Nxd5 10. Bb2 b6 11. Qc1 Bb7 12. dxc5 Nxc5 13. Bxg7 Kxg7 14. Qb2+ Kg8
15. Rad1 Rc8 16. e4 Ne7 17. Nc4 Qc7 18. Nd6 Rcd8 19. Nxb7 Nxb7 20. Rc1 Qb8 21.
Rfd1 Rxd1+ 22. Rxd1 Rd8 23. Rxd8+ Qxd8 24. h3 Nc5 25. Qd4 Qxd4 26. Nxd4 f6 27.
b4 Kf7 28. bxc5 bxc5 29. Nc2 e5 30. f4 Nc6 31. fxe5 Nxe5 32. Kf2 Ke6 33. Bf1 f5
34. Ke3 fxe4 35. Kxe4 Nc6 36. Kf4 Kf6 37. Ne3 g5+ 38. Kf3 h5 39. Nc4 a6 40. g4
Nd4+ 41. Ke4 h4 42. Kd5 Ne6 43. Ne5 a5 44. Nd7+ Ke7 45. Nxc5 Nf4+ 46. Ke5 Kf7
47. Kf5 Ng6 48. Kxg5 Ne5 49. Kxh4 {Scoresheet not clear} 1-0

[Event "2023 Fred Maris Cup (Division F)"]
[Site "Woodvale, Perth WA AUS"]
[Date "2023.06.14"]
[Round "1"]
[White "Bordas, Lindsay"]
[Black "Overste, Brian"]
[Result "1-0"]
[WhiteElo "1122"]
[BlackElo "972"]
[PlyCount "49"]
[EventDate "2023.06.14"]
[EventType "swiss"]
[EventRounds "6"]
[EventCountry "AUS"]
[TimeControl "3000+30"]

1. e4 e5 2. Nf3 d5 3. Nxe5 dxe4 4. Bc4 Be6 5. Bxe6 fxe6 6. Qg4 Qd5 7. Qf4 Nf6
8. Nc3 Qc5 9. Nxe4 Qxc2 10. Nxf6+ gxf6 11. Qxf6 Qe4+ 12. Kf1 Nd7 13. Qxe6+ Be7
14. Qxd7+ Kf8 15. Qe6 Qf4 16. d3 Qf6 17. Nd7+ Kg7 18. Nxf6 Bxf6 19. Bh6+ Kg6
20. h4 Rhf8 21. Bxf8 Rxf8 22. h5+ Kh6 23. g4 Kg5 24. Rc1 Bxb2 25. Rc5+ 1-0

[Event "2023 Fred Maris Cup (Division F)"]
[Site "Woodvale, Perth WA AUS"]
[Date "2023.06.14"]
[Round "1"]
[White "May, Wendy"]
[Black "Young, Manfred"]
[Result "0-1"]
[WhiteElo "914"]
[BlackElo "1090"]
[PlyCount "60"]
[EventDate "2023.06.14"]
[EventType "swiss"]
[EventRounds "6"]
[EventCountry "AUS"]
[TimeControl "3000+30"]

1. e4 c5 2. d4 cxd4 3. Qxd4 Nc6 4. Qd1 e5 5. Nf3 Be7 6. Bc4 h6 7. Qd5 Qa5+ 8.
Qxa5 Nxa5 9. Bd5 d6 10. O-O Nf6 11. Nc3 Bg4 12. Nh4 Nxd5 13. exd5 Bxh4 14. Nb5
O-O 15. Nxd6 Rad8 16. b4 Rxd6 17. bxa5 Rxd5 18. Ba3 Rc8 19. g3 Bf6 20. Rfc1 e4
21. c4 Rxa5 22. Bb4 Ra4 23. Rab1 Rxa2 24. c5 Bf5 25. Bc3 e3 26. Rxb7 Be4 27.
Bxf6 exf2+ 28. Kf1 Bxb7 29. Bd4 Ba6+ 30. Kg2 f1=Q# 0-1

[Event "2023 Fred Maris Cup (Division A)"]
[Site "Woodvale, Perth WA AUS"]
[Date "2023.06.21"]
[Round "2"]
[White "Plaganyi, Gyula"]
[Black "Lakner, Jay"]
[Result "0-1"]
[WhiteElo "1972"]
[WhiteTitle "CM"]
[BlackElo "2144"]
[PlyCount "29"]
[EventDate "2023.06.14"]
[EventType "tourn"]
[EventRounds "5"]
[EventCountry "AUS"]
[TimeControl "3000+30"]

1. e4 d5 2. exd5 Qxd5 3. Nc3 Qd8 4. d4 c6 5. Bc4 Bf5 6. Nf3 e6 7. Ne5 Nd7 8.
Bf4 Nxe5 9. Bxe5 Nf6 10. O-O Bd6 11. Qe2 O-O 12. Bb3 Bg4 13. Bxf6 Bxe2 14. Bxd8
Bxf1 15. Rxf1 0-1

[Event "2023 Fred Maris Cup (Division A)"]
[Site "Woodvale, Perth WA AUS"]
[Date "2023.06.21"]
[Round "2"]
[White "Gibson, Jacob"]
[Black "Maggs, Derwent"]
[Result "0-1"]
[WhiteElo "1987"]
[BlackElo "2251"]
[PlyCount "42"]
[EventDate "2023.06.14"]
[EventType "tourn"]
[EventRounds "5"]
[EventCountry "AUS"]
[TimeControl "3000+30"]

1. e4 c5 2. Nf3 d6 3. d4 cxd4 4. Nxd4 Nf6 5. Nc3 a6 6. Be3 e5 7. Nb3 Be6 8. f3
Be7 9. Qd2 O-O 10. O-O-O Nbd7 11. g4 b5 12. g5 b4 13. Na4 Nh5 14. Kb1 a5 15.
Qf2 Qb8 16. h4 Rc8 17. Bb6 Bd8 18. Bxd8 Rxd8 19. Rd2 Qc7 20. Bb5 Rab8 21. Qf1
Ng3 0-1

[Event "2023 Fred Maris Cup (Division A)"]
[Site "Woodvale, Perth WA AUS"]
[Date "2023.06.21"]
[Round "2"]
[White "Saxon, Marc"]
[Black "Maris, Rob"]
[Result "0-1"]
[WhiteElo "2053"]
[BlackElo "2044"]
[PlyCount "70"]
[EventDate "2023.06.14"]
[EventType "tourn"]
[EventRounds "5"]
[EventCountry "AUS"]
[TimeControl "3000+30"]

1. e4 c5 2. Nf3 Nc6 3. d4 cxd4 4. Nxd4 e6 5. Nc3 Qc7 6. Be3 a6 7. Qd2 Nf6 8. f3
Bb4 9. O-O-O b5 10. g4 O-O 11. Qe1 d6 12. g5 Nd7 13. f4 Nc5 14. Bd3 Ba5 15. Nb3
Nxd3+ 16. Rxd3 Nb4 17. Rd2 Nc6 18. Nxa5 Nxa5 19. Qf2 Nc4 20. Rd3 Bb7 21. b3
Nxe3 22. Rxe3 Qc5 23. Qe2 Rac8 24. Rh3 b4 25. Qh5 Bxe4 26. Rf1 Bg6 27. Qh4 Qf5
28. Rf2 Rxc3 29. Rxc3 bxc3 30. Qg3 Rc8 31. Re2 Bh5 32. Re3 Qc5 33. Kb1 d5 34.
Qe1 Bg4 35. Qf1 Qxe3 0-1

[Event "2023 Fred Maris Cup (Division B)"]
[Site "Woodvale, Perth WA AUS"]
[Date "2023.07.12"]
[Round "2"]
[White "Clarke, Daniel"]
[Black "Doshi, Chirag"]
[Result "1/2-1/2"]
[WhiteElo "1902"]
[BlackElo "1870"]
[PlyCount "41"]
[EventDate "2023.06.14"]
[EventType "tourn"]
[EventRounds "5"]
[EventCountry "AUS"]
[TimeControl "3000+30"]

1. e4 e5 2. Nf3 Nc6 3. Bb5 d6 4. d4 exd4 5. Nxd4 Bd7 6. Nc3 a6 7. Nxc6 Bxc6 8.
Bc4 Nf6 9. O-O Be7 10. Re1 O-O 11. Nd5 Bxd5 12. exd5 Nd7 13. Bf4 Bg5 14. Bg3
Bh4 15. Re3 Bxg3 16. Rxg3 Qf6 17. Rf3 Qe7 18. Re3 Qf6 19. Rf3 Qe7 20. Re3 Qf6
21. Rf3 1/2-1/2

[Event "2023 Fred Maris Cup (Division B)"]
[Site "Woodvale, Perth WA AUS"]
[Date "2023.06.21"]
[Round "2"]
[White "Wolstencroft, Alan"]
[Black "De Yaak, Peter"]
[Result "1-0"]
[WhiteElo "1834"]
[BlackElo "1897"]
[PlyCount "61"]
[EventDate "2023.06.14"]
[EventType "tourn"]
[EventRounds "5"]
[EventCountry "AUS"]
[TimeControl "3000+30"]

1. e4 g6 2. d4 Bg7 3. Nc3 d6 4. Be3 c6 5. Qd2 e5 6. f3 exd4 7. Bxd4 Nf6 8.
O-O-O O-O 9. g4 Be6 10. Kb1 Qc7 11. h4 b5 12. h5 b4 13. Nce2 Qa5 14. Nc1 c5 15.
Be3 c4 16. hxg6 fxg6 17. Bh6 c3 18. Qxd6 Qb6 19. Bxg7 Kxg7 20. g5 Nh5 21. Qe5+
Kg8 22. Rd6 Qb7 23. Qxe6+ Qf7 24. Qxf7+ Kxf7 25. Bc4+ Ke7 26. Re6+ Kd7 27. Bd5
a5 28. Nd3 Ra6 29. Nc5+ Kc7 30. Nxa6+ Nxa6 31. Rxa6 1-0

[Event "2023 Fred Maris Cup (Division B)"]
[Site "Woodvale, Perth WA AUS"]
[Date "2023.06.21"]
[Round "2"]
[White "Curthoys, Edward"]
[Black "Gough, Dylan"]
[Result "1-0"]
[WhiteElo "1848"]
[BlackElo "1762"]
[PlyCount "55"]
[EventDate "2023.06.14"]
[EventType "tourn"]
[EventRounds "5"]
[EventCountry "AUS"]
[TimeControl "3000+30"]

1. e4 Nc6 2. d4 d5 3. e5 Bf5 4. Ne2 a6 5. Ng3 Bg6 6. h4 h6 7. h5 Bh7 8. e6 fxe6
9. Bd3 Nf6 10. Bxh7 Rxh7 11. Qd3 Kd7 12. Bf4 Rh8 13. Nd2 Kc8 14. Nf3 Nd7 15.
Qe2 e5 16. dxe5 e6 17. O-O-O Bc5 18. Nh4 Ne7 19. Qg4 Bxf2 20. Rhf1 Bxg3 21.
Bxg3 Nf8 22. Rf7 g5 23. hxg6 Nfxg6 24. Nxg6 Nxg6 25. Qxe6+ Kb8 26. Qxg6 Ka7 27.
Bf2+ b6 28. Qxb6# 1-0

[Event "2023 Fred Maris Cup (Division C)"]
[Site "Woodvale, Perth WA AUS"]
[Date "2023.06.21"]
[Round "2"]
[White "Oswald, Franz"]
[Black "Browning, Thomas"]
[Result "1/2-1/2"]
[WhiteElo "1641"]
[BlackElo "1620"]
[PlyCount "104"]
[EventDate "2023.06.14"]
[EventType "tourn"]
[EventRounds "5"]
[EventCountry "AUS"]
[TimeControl "3000+30"]

1. d4 d5 2. c4 Nf6 3. Nc3 Bg4 4. Nf3 Bxf3 5. exf3 c5 6. dxc5 e6 7. cxd5 exd5 8.
Bb5+ Nc6 9. O-O Bxc5 10. Re1+ Be7 11. Qe2 a6 12. Ba4 b5 13. Bb3 Nd4 14. Qd1
Nxb3 15. Qxb3 d4 16. Ne4 O-O 17. Qd3 Nxe4 18. fxe4 Rc8 19. Bf4 Bh4 20. Red1 Qe8
21. Rac1 Rxc1 22. Rxc1 Qd7 23. g3 Bd8 24. Bd2 Bb6 25. Kg2 h5 26. h4 Qe6 27. b3
Re8 28. f3 Rc8 29. Rxc8+ Qxc8 30. b4 Qe6 31. a3 Qc4 32. Qf1 Qc2 33. Qc1 d3 34.
Qxc2 dxc2 35. Kf1 Bd4 36. Bc1 Kf8 37. Ke2 Ke7 38. g4 hxg4 39. fxg4 Ke6 40. Kd3
Ke5 41. h5 f6 42. g5 fxg5 43. Bxg5 Bb2 44. Kxc2 Bxa3 45. Kb3 Bxb4 46. Kxb4 Kxe4
47. h6 gxh6 48. Bxh6 Kd5 49. Be3 Kc6 50. Ka5 Kb7 51. Bd4 Kc6 52. Kxa6 b4
1/2-1/2

[Event "2023 Fred Maris Cup (Division C)"]
[Site "Woodvale, Perth WA AUS"]
[Date "2023.06.21"]
[Round "2"]
[White "Bhatia, Abhay"]
[Black "Michael, Ashley"]
[Result "1-0"]
[WhiteElo "1678"]
[BlackElo "1588"]
[PlyCount "103"]
[EventDate "2023.06.14"]
[EventType "tourn"]
[EventRounds "5"]
[EventCountry "AUS"]
[TimeControl "3000+30"]

1. e4 e5 2. Nf3 Nc6 3. Bb5 f5 4. Bxc6 bxc6 5. Nxe5 Nf6 6. exf5 Qe7 7. O-O Qxe5
8. Re1 Ne4 9. d3 Qxf5 10. Rxe4+ Be7 11. Qe2 Qf6 12. Qh5+ Kd8 13. Rxe7 Rf8 14.
Re2 h6 15. Nc3 d5 16. Bd2 Rb8 17. Rae1 Bd7 18. Na4 Qd4 19. c4 Kc8 20. b3 Bg4
21. Re8+ Rxe8 22. Rxe8+ Kb7 23. Rxb8+ Kxb8 24. Qe8+ Kb7 25. Qe3 Qa1+ 26. Be1
Qxa2 27. cxd5 Qc2 28. dxc6+ Qxc6 29. Qe7 Bd1 30. Qe4 Qxe4 31. dxe4 Kc6 32. Bc3
g6 33. e5 Bxb3 34. Nb2 Kb5 35. f4 a5 36. Kf1 Bd5 37. g3 a4 38. Ke2 a3 39. Nd1
Kc4 40. Kd2 Kb3 41. Bd4 a2 42. Ba1 c5 43. Nc3 Be6 44. Ne4 Kb4 45. Bc3+ Kc4 46.
h4 Kd5 47. Nf6+ Kc4 48. g4 Kb5 49. h5 gxh5 50. f5 h4 51. fxe6 h3 52. e7 1-0

[Event "2023 Fred Maris Cup (Division C)"]
[Site "Woodvale, Perth WA AUS"]
[Date "2023.06.21"]
[Round "2"]
[White "Kerr, Lennon"]
[Black "Garang, Kuol Awan"]
[Result "0-1"]
[WhiteElo "1576"]
[BlackElo "1632"]
[PlyCount "60"]
[EventDate "2023.06.14"]
[EventType "tourn"]
[EventRounds "5"]
[EventCountry "AUS"]
[TimeControl "3000+30"]

1. e4 e5 2. Nf3 Nc6 3. Bb5 Bc5 4. c3 Nge7 5. d4 exd4 6. cxd4 Bb4+ 7. Bd2 O-O 8.
Nc3 a6 9. Ba4 d6 10. h3 Kh8 11. Ng5 f6 12. Nxh7 Kxh7 13. Qh5+ Kg8 14. Bb3+ d5
15. exd5 Nxd4 16. Bc4 Nc2+ 17. Kf1 b5 18. Bb3 Nxa1 19. d6+ Nxb3 20. dxe7 Qxe7
21. axb3 Bxc3 22. Bxc3 Bb7 23. h4 Rfe8 24. Qg6 Qe2+ 25. Kg1 Qd1+ 26. Kh2 Qd6+
27. Kh3 Be4 28. Qg4 Qd5 29. Rd1 Bxg2+ 30. Kh2 Qf3 0-1

[Event "2023 Fred Maris Cup (Division D)"]
[Site "Woodvale, Perth WA AUS"]
[Date "2023.06.21"]
[Round "2"]
[White "Kerr, Carter"]
[Black "Leech, Martin"]
[Result "1-0"]
[WhiteElo "1485"]
[BlackElo "1522"]
[PlyCount "57"]
[EventDate "2023.06.14"]
[EventType "tourn"]
[EventRounds "5"]
[EventCountry "AUS"]
[TimeControl "3000+30"]

1. e4 e6 2. c4 c5 3. Nf3 Nc6 4. Nc3 Bd6 5. d4 cxd4 6. Nxd4 Nge7 7. Ndb5 Bc5 8.
Bg5 Qb6 9. Qd2 Bd4 10. Na4 Bxf2+ 11. Qxf2 Qa5+ 12. Nac3 O-O 13. Bd3 a6 14. Bxe7
Nxe7 15. Nd6 Qe5 16. Nxc8 Raxc8 17. O-O Nc6 18. Kh1 Nb4 19. Be2 f5 20. Qb6 Nc6
21. Qxb7 Nd4 22. Bd3 Qd6 23. exf5 Rb8 24. Qa7 Rxb2 25. fxe6 Nxe6 26. Rxf8+ Nxf8
27. Rd1 Qc6 28. Be4 Qxc4 29. Bd5+ 1-0

[Event "2023 Fred Maris Cup (Division D)"]
[Site "Woodvale, Perth WA AUS"]
[Date "2023.07.12"]
[Round "2"]
[White "Howard, Mark"]
[Black "Boswarva, Ernest"]
[Result "0-1"]
[WhiteElo "1452"]
[BlackElo "1516"]
[PlyCount "78"]
[EventDate "2023.06.14"]
[EventType "tourn"]
[EventRounds "5"]
[EventCountry "AUS"]
[TimeControl "3000+30"]

1. e4 d6 2. Nf3 Nf6 3. d3 Nbd7 4. Be2 e5 5. Bg5 Be7 6. Nc3 c6 7. O-O h6 8. Bh4
g5 9. Bg3 Nh5 10. d4 Nxg3 11. fxg3 g4 12. Ne1 exd4 13. Qxd4 Ne5 14. Nd3 Bf6 15.
Nxe5 Bxe5 16. Qd1 h5 17. Bc4 f6 18. Ne2 Qb6+ 19. Kh1 Bd7 20. Nf4 O-O-O 21. Ng6
Rhe8 22. c3 Be6 23. Bxe6+ Rxe6 24. Nxe5 fxe5 25. Qb3 Qxb3 26. axb3 a6 27. Rf5
Rh8 28. Raf1 Kd7 29. Rf7+ Re7 30. Rxe7+ Kxe7 31. Rf5 Rf8 32. Rxf8 Kxf8 33. h3
d5 34. Kg1 d4 35. cxd4 exd4 36. Kf2 Ke7 37. Ke2 Ke6 38. Kd3 Ke5 39. hxg4 hxg4
0-1

[Event "2023 Fred Maris Cup (Division D)"]
[Site "Woodvale, Perth WA AUS"]
[Date "2023.06.21"]
[Round "2"]
[White "Wu, Kobe"]
[Black "Massam, Justin"]
[Result "0-1"]
[WhiteElo "1523"]
[BlackElo "1479"]
[PlyCount "126"]
[EventDate "2023.06.14"]
[EventType "tourn"]
[EventRounds "5"]
[EventCountry "AUS"]
[TimeControl "3000+30"]

1. e4 e5 2. Nf3 Nc6 3. Nc3 Bc5 4. Nxe5 Qf6 5. Nf3 Nge7 6. Bc4 O-O 7. O-O d6 8.
d3 Bg4 9. Bg5 Qg6 10. Bh4 Rfe8 11. Kh1 Na5 12. Bb3 Nxb3 13. axb3 Nc6 14. Nd5
Bb6 15. b4 Nd4 16. Rg1 Qh5 17. Bf6 Nxf3 18. h3 Nxg1 19. Qxg1 Be6 20. Nf4 Qh6
21. Nxe6 Rxe6 22. Bc3 a6 23. b5 Qh5 24. e5 dxe5 25. Qe1 Bd4 26. Qe4 c6 27. bxa6
Rxa6 28. Rxa6 bxa6 29. Bxd4 exd4 30. Qxd4 Re1+ 31. Kh2 Qe5+ 32. Qxe5 Rxe5 33.
Kg3 Re2 34. c3 Rxb2 35. Kf3 Rb3 36. Ke2 Rxc3 37. Kd2 Rc5 38. Ke3 Kf8 39. Kd4
Rd5+ 40. Kc4 Ke7 41. g4 g5 42. f3 Ke6 43. d4 a5 44. Kc3 h6 45. Kc4 a4 46. Kc3
a3 47. Kb3 Rxd4 48. Kxa3 Rd8 49. Kb4 Ke5 50. Kc5 Rc8 51. Kc4 Kf4 52. Kc5 Kxf3
53. Kc4 c5 54. Kc3 c4 55. Kc2 Ke2 56. Kc3 Rc7 57. Kc2 c3 58. Kc1 c2 59. h4 gxh4
60. g5 hxg5 61. Kb2 c1=Q+ 62. Kb3 Qb1+ 63. Ka3 Ra7# 0-1

[Event "2023 Fred Maris Cup (Division E)"]
[Site "Woodvale, Perth WA AUS"]
[Date "2023.06.21"]
[Round "2"]
[White "Powell, Darren"]
[Black "Brooke, John"]
[Result "0-1"]
[WhiteElo "1337"]
[BlackElo "1435"]
[PlyCount "122"]
[EventDate "2023.06.14"]
[EventType "tourn"]
[EventRounds "5"]
[EventCountry "AUS"]
[TimeControl "3000+30"]

1. e4 e5 2. Bc4 Nc6 3. Nc3 Nf6 4. d3 Bb4 5. Bd2 a6 6. a3 Bc5 7. Nf3 d6 8. h3
Bd7 9. Ng5 O-O 10. Nd5 Nd4 11. c3 Ba4 12. Nxf6+ Qxf6 13. Qxa4 Nc2+ 14. Kd1 Nxa1
15. Qd7 c6 16. d4 exd4 17. Qf5 Qxf5 18. exf5 d5 19. Ba2 d3 20. Bb1 Nc2 21. Bxc2
dxc2+ 22. Kxc2 Bxf2 23. Rf1 Bh4 24. Nf3 Bf6 25. g4 g6 26. g5 Be7 27. f6 Bd6 28.
h4 Rfe8 29. Rf2 Re4 30. Be1 Bg3 31. Rf1 Bxe1 32. Rxe1 Rxe1 33. Nxe1 Re8 34. Kd2
c5 35. Nf3 c4 36. Nd4 Re4 37. Nf3 Kf8 38. Kc2 b5 39. b4 Ke8 40. Kd2 Kd7 41. Kd1
Re3 42. Nd4 Rxc3 43. Nc2 Rh3 44. Nd4 Rxh4 45. Nf3 Rh3 46. Ke2 c3 47. Ne5+ Ke6
48. Nd3 d4 49. Nf4+ Ke5 50. Nxh3 Kd5 51. Kd3 Ke5 52. Nf2 Kf4 53. Ne4 c2 54.
Kxc2 Kxe4 55. Kd2 Kf4 56. Kd3 Kxg5 57. Kxd4 h5 58. Kc5 h4 59. Kb6 h3 60. Kxa6
h2 61. Kxb5 h1=Q 0-1

[Event "2023 Fred Maris Cup (Division E)"]
[Site "Woodvale, Perth WA AUS"]
[Date "2023.06.21"]
[Round "2"]
[White "Hounsome, David"]
[Black "Walker, Colin"]
[Result "0-1"]
[WhiteElo "1370"]
[BlackElo "1437"]
[PlyCount "80"]
[EventDate "2023.06.14"]
[EventType "tourn"]
[EventRounds "5"]
[EventCountry "AUS"]
[TimeControl "3000+30"]

1. b3 d5 2. Bb2 c5 3. e3 a6 4. Nf3 Nc6 5. c4 Nf6 6. d4 e6 7. Nbd2 cxd4 8. Nxd4
Nxd4 9. Bxd4 Be7 10. Bd3 dxc4 11. Bxc4 b5 12. Bd3 Bb7 13. O-O O-O 14. Rc1 e5
15. Bxe5 Qxd3 16. Qc2 Qd5 17. Nf3 Rac8 18. Qb2 Rxc1 19. Rxc1 Rc8 20. h3 Rxc1+
21. Qxc1 Qc5 22. Qxc5 Bxc5 23. Bxf6 Bxf3 24. Bd4 Bxd4 25. exd4 Bd5 26. f3 f6
27. Kf2 Kf7 28. Ke2 Ke6 29. g4 a5 30. f4 b4 31. Ke3 Bb7 32. h4 Bd5 33. Kd3 g6
34. Ke3 h5 35. g5 fxg5 36. fxg5 Kf5 37. Kf2 Ke4 38. Kg3 Ke3 39. Kh3 Kxd4 40.
Kg3 Ke3 0-1

[Event "2023 Fred Maris Cup (Division F)"]
[Site "Woodvale, Perth WA AUS"]
[Date "2023.06.21"]
[Round "2"]
[White "Young, Manfred"]
[Black "Ross, Leo"]
[Result "1-0"]
[WhiteElo "1090"]
[BlackElo "1335"]
[PlyCount "63"]
[EventDate "2023.06.14"]
[EventType "swiss"]
[EventRounds "6"]
[EventCountry "AUS"]
[TimeControl "3000+30"]

1. e4 c6 2. d4 d5 3. e5 c5 4. dxc5 e6 5. Be3 Nd7 6. Bb5 a6 7. Bxd7+ Bxd7 8. Nf3
Qa5+ 9. c3 Ne7 10. O-O Nf5 11. b4 Qc7 12. Bf4 a5 13. Nd4 Ne7 14. Nd2 axb4 15.
cxb4 Ng6 16. Bg3 Be7 17. f4 O-O 18. Kh1 Nh8 19. f5 f6 20. exf6 Qc8 21. fxe7 Rf7
22. fxe6 Bxe6 23. Rxf7 Bxf7 24. Bd6 Qd7 25. N2f3 Ng6 26. Ng5 Nxe7 27. Nxf7 Kxf7
28. Qh5+ Kg8 29. Re1 Rxa2 30. h3 Ng6 31. Qxd5+ Kh8 32. Qxa2 1-0

[Event "2023 Fred Maris Cup (Division F)"]
[Site "Woodvale, Perth WA AUS"]
[Date "2023.06.21"]
[Round "2"]
[White "Curtis, Calan"]
[Black "Bordas, Lindsay"]
[Result "1-0"]
[WhiteElo "1300"]
[BlackElo "1122"]
[PlyCount "81"]
[EventDate "2023.06.14"]
[EventType "swiss"]
[EventRounds "6"]
[EventCountry "AUS"]
[TimeControl "3000+30"]

1. d4 e6 2. Nc3 d5 3. Bf4 a6 4. e3 c5 5. dxc5 Bxc5 6. Nf3 Nf6 7. Bd3 Nc6 8. Ne5
Qb6 9. Na4 Qb4+ 10. c3 Qa5 11. Nxc6 bxc6 12. b4 Bxb4 13. cxb4 Qxb4+ 14. Kf1 Bd7
15. Rb1 Qe7 16. Nb6 Rd8 17. Bc7 O-O 18. Bxd8 Rxd8 19. Nxd7 Qxd7 20. Qb3 g6 21.
Ke2 e5 22. Bxa6 Qg4+ 23. Kf1 Ne4 24. Qd1 Qf5 25. Rb2 Kg7 26. Qf3 Nd2+ 27. Rxd2
Qb1+ 28. Rd1 Qxa2 29. Qe2 Qa4 30. g3 c5 31. Bc4 d4 32. exd4 cxd4 33. Qxe5+ Kh6
34. Qf4+ Kg7 35. Qxf7+ Kh6 36. Qf4+ Kg7 37. Qc7+ Rd7 38. Qe5+ Kh6 39. Rc1 Qa7
40. Re1 Qa4 41. Bb5 1-0

[Event "2023 Fred Maris Cup (Division F)"]
[Site "Woodvale, Perth WA AUS"]
[Date "2023.06.21"]
[Round "2"]
[White "Rennie, Mike"]
[Black "Lanham, Bruce"]
[Result "0-1"]
[WhiteElo "891"]
[BlackElo "1206"]
[PlyCount "78"]
[EventDate "2023.06.14"]
[EventType "swiss"]
[EventRounds "6"]
[EventCountry "AUS"]
[TimeControl "3000+30"]

1. e4 c6 2. d3 d5 3. Nc3 dxe4 4. Nxe4 Nf6 5. Nf3 Nxe4 6. Nd2 Nf6 7. Be2 e5 8.
Ne4 Be7 9. Bd2 Be6 10. c4 Nbd7 11. b4 O-O 12. a3 Nb6 13. c5 Nbd7 14. O-O Nd5
15. Qc2 f5 16. Ng5 Bxg5 17. Rad1 Bxd2 18. Qxd2 Qe7 19. d4 e4 20. Bc4 N7f6 21.
Qg5 Rfe8 22. h4 Ng4 23. Qxe7 Rxe7 24. h5 h6 25. Rc1 Rd7 26. b5 Re8 27. bxc6
bxc6 28. g3 Nc7 29. d5 Bxd5 30. Bxd5+ Nxd5 31. Rfd1 Kf7 32. Rf1 Kf6 33. f3 Nge3
34. Rf2 exf3 35. Rxf3 Ng4 36. Kg2 Re2+ 37. Kf1 Rde7 38. Rc4 Nh2+ 39. Kg1 Nxf3+
0-1

[Event "2023 Fred Maris Cup (Division F)"]
[Site "Woodvale, Perth WA AUS"]
[Date "2023.06.21"]
[Round "2"]
[White "Frankland, David"]
[Black "Owen, Geoffrey"]
[Result "1/2-1/2"]
[WhiteElo "1098"]
[BlackElo "1030"]
[PlyCount "107"]
[EventDate "2023.06.14"]
[EventType "swiss"]
[EventRounds "6"]
[EventCountry "AUS"]
[TimeControl "3000+30"]

1. e4 e5 2. h3 Nf6 3. d3 Nc6 4. c3 Bc5 5. b4 Be7 6. Be2 d5 7. Bf3 d4 8. a3 b6
9. Bg4 Ba6 10. c4 Bb7 11. Bd2 h5 12. Bf3 g6 13. b5 Nb8 14. Bg5 Nbd7 15. Nd2 Nc5
16. Nb3 Ne6 17. Bxf6 Bxf6 18. g3 h4 19. Ne2 g5 20. g4 Bg7 21. Qd2 Qf6 22. Bg2
Nf4 23. Nxf4 exf4 24. c5 f3 25. Bf1 O-O 26. c6 Bc8 27. a4 Be6 28. Qd1 Rfe8 29.
Nd2 Bd5 30. Qxf3 Qxf3 31. Nxf3 Bxe4 32. dxe4 Rxe4+ 33. Kd2 Rd8 34. Nxg5 Rf4 35.
f3 Bh6 36. Ne4 Rxe4+ 37. Kd3 Re3+ 38. Kc2 Rxf3 39. Bd3 Rf2+ 40. Kb3 Rf3 41. Kc4
Bg7 42. Rae1 Re3 43. g5 Rg3 44. Re4 Rxg5 45. Rxh4 Rc5+ 46. Kb4 Rg5 47. Bh7+ Kf8
48. Bd3 Rg3 49. Kc4 Rg2 50. Re1 Ra2 51. Kb3 Rd2 52. Kc4 Ra2 53. Kb3 Rd2 54. Kc4
1/2-1/2

[Event "2023 Fred Maris Cup (Division F)"]
[Site "Woodvale, Perth WA AUS"]
[Date "2023.06.21"]
[Round "2"]
[White "Jahn, Harold"]
[Black "May, Wendy"]
[Result "1-0"]
[WhiteElo "1081"]
[BlackElo "914"]
[PlyCount "28"]
[EventDate "2023.06.14"]
[EventType "swiss"]
[EventRounds "6"]
[EventCountry "AUS"]
[TimeControl "3000+30"]

1. d4 d5 2. f3 Nc6 3. c3 Nf6 4. Bf4 e6 5. e3 Be7 6. Bd3 g6 7. Ne2 O-O 8. Nd2 a6
9. O-O b5 10. h4 Bd7 11. g4 b4 12. h5 Qb8 13. hxg6 fxg6 14. c4 Na5 {Scoresheet
not clear} 1-0

[Event "2023 Fred Maris Cup (Division F)"]
[Site "Woodvale, Perth WA AUS"]
[Date "2023.06.21"]
[Round "2"]
[White "Markou, Victor"]
[Black "Gough, Sebastian"]
[Result "0-1"]
[WhiteElo "1039"]
[BlackElo "1072"]
[PlyCount "102"]
[EventDate "2023.06.14"]
[EventType "swiss"]
[EventRounds "6"]
[EventCountry "AUS"]
[TimeControl "3000+30"]

1. e4 c5 2. Nf3 Nc6 3. d3 b6 4. g3 Bb7 5. Bg2 Nf6 6. O-O g6 7. Re1 Bg7 8. Nbd2
O-O 9. Nf1 e6 10. Ne3 Qc7 11. Nc4 d5 12. Bf4 Qd7 13. Nce5 Nxe5 14. Nxe5 Qd8 15.
exd5 Nxd5 16. Bd2 Bxe5 17. Rxe5 Qd7 18. c4 Ne7 19. Bc3 Bxg2 20. Kxg2 Qb7+ 21.
Qf3 Qxf3+ 22. Kxf3 Nf5 23. Re2 Rad8 24. Rd2 Nd4+ 25. Kg2 Rd6 26. b4 Rfd8 27.
bxc5 bxc5 28. Rb1 Nc6 29. Bb2 Rxd3 30. Rxd3 Rxd3 31. Ba3 Rxa3 32. Rb2 Ne5 33.
Rc2 Nd3 34. f4 Nb4 35. Rb2 Rxa2 36. Rxa2 Nxa2 37. Kf3 a5 38. Ke3 a4 39. Kd3 a3
40. Kc2 Nb4+ 41. Kb1 a2+ 42. Ka1 Kg7 43. h4 Kf6 44. g4 e5 45. fxe5+ Kxe5 46. g5
f5 47. gxf6 Kxf6 48. Kb2 h6 49. Ka1 g5 50. hxg5+ Kxg5 51. Kb2 h5 0-1